| 000 | 00393nam a2200133Ia 4500 | ||
|---|---|---|---|
| 008 | 211109s9999||||xx |||||||||||||| ||und|| | ||
| 082 |
_a954.83 _bZAC-T |
||
| 100 | _aZacharia, Scaria | ||
| 245 | 0 | _aThalasseri Rekhakal | |
| 260 |
_bD c Books _aKottayam _c1996 |
||
| 630 | _xGeneral stack | ||
| 650 |
_aSouth Asia; India _vHistory of Asia; Far East _xHistory & geography Generalia |
||
| 942 | _cBOOK | ||
| 999 |
_c50067 _d50067 |
||